000 02036nam a22002537a 4500
003 OSt
005 20200304062524.0
008 180302b xxu||||| |||| 00| 0 spa d
020 _a9505081804
040 _cPJ
245 1 0 _aRecursos en el proceso civil y comercial :
_bordinarios y extraordinarios /
_cJosé Levitán; prólogo de José M. Martocci.
260 _aBuenos Aires :
_bAstrea,
_c1986.
300 _a398 p.
_c25 cm.
504 _aBibliografía: p. 395-398.
505 _aContenido: Recursos ordinarios y extraordinarios en el Código Procesal Civil y Comercial de la Provincia de Buenos Aires -- Recurso de aclaratoria -- Recurso de reposición o revocatoria -- Recurso de apelación -- Procedimiento en segunda instancia -- Queja por recurso denegado -- Los recursos extraordinarios en la Provincia de Buenos Aires -- Recurso de nulidad extraordinario -- Recurso extraordinario de inconstitucionalidad -- Fallos plenarios en la Provincia de Buenos Aires -- Recurso de revisión o acción autónoma de revocatoria o nulidad de sentencia -- Recurso extraordinario Nacional, desde la Provincia de Buenos Aires -- Recursos ordinarios y extraordinarios en el Código Procesal Civil y Comercial de la Nación -- Recurso de aclaratoria -- Recurso de reposición -- Recurso de apelación -- Recurso de apelación ordinaria ante la Corte Suprema -- Apelación extraordinaria ante la Corte Suprema -- Procedimiento ordinario en segunda instancia -- Procedimiento ante la Corte Suprema -- Queja por recurso denegado -- Recurso de inaplicabilidad de la ley -- Recurso de revisión en el orden Nacional -- Fallos plenarios en la justicia Nacional.
650 0 _9267
_aDERECHO PROCESAL
650 0 _91955
_aRECURSOS
650 0 _92044
_aRECURSO EXTRAORDINARIO
650 0 _91192
_aRECURSO DE INCONSTITUCIONALIDAD
650 0 _92046
_aRECURSO ORDINARIO DE APELACIÓN ANTE LA CORTE SUPREMA
650 0 _aJURISPRUDENCIA APLICABLE
_91057
700 _92045
_aMartocci, José M.
_eprologuista
942 _2udc
_cLIB
_h342.955
_iLEV
999 _c1362
_d1362